B44_東京から見て北にある市区町村 - Statistics

General Stats
  • This quiz has been taken 13 times
  • The average score is 134 of 203
Answer Stats
東京
からの
方位角
東京
からの
距離
都道府県 種類 市区町村名 % Correct
8.2 12.6 埼玉県 川口市
100%
8.6 644.6 青森県 佐井村
100%
4.7 6.4 東京都 特別区 板橋区
91%
350.5 13.9 埼玉県 戸田市
91%
351.6 14.8 埼玉県 蕨市
91%
355.4 41.0 埼玉県 久喜市
91%
5.0 53.9 茨城県 古河市
91%
7.2 69.4 栃木県 小山市
91%
2.1 76.4 栃木県 栃木市
91%
9.5 96.9 栃木県 宇都宮市
91%
359.8 113.8 栃木県 日光市
91%
353.6 33.6 埼玉県 蓮田市
82%
356.2 36.2 埼玉県 白岡市
82%
2.7 42.7 埼玉県 幸手市
82%
4.7 46.8 茨城県 五霞町
82%
349.3 49.4 埼玉県 加須市
82%
351.2 59.7 群馬県 板倉町
82%
2.2 96.9 栃木県 鹿沼市
82%
9.1 125.1 栃木県 矢板市
82%
2.1 167.3 福島県 南会津町
82%
3.4 196.9 福島県 会津美里町
82%
5.7 200.8 福島県 会津若松市
82%
2.9 207.5 福島県 会津坂下町
82%
4.0 217.7 福島県 喜多方市
82%
11.1 289.9 山形県 山形市
82%
4.4 448.2 秋田県 秋田市
82%
4.1 644.5 北海道 福島町
82%
8.5 31.4 埼玉県 春日部市
73%
2.8 36.5 埼玉県 宮代町
73%
3.2 59.9 栃木県 野木町
73%
350.7 69.8 栃木県 佐野市
73%
9.7 79.0 栃木県 下野市
73%
349.3 150.3 福島県 檜枝岐村
73%
349.4 186.9 福島県 只見町
73%
9.7 209.9 福島県 猪苗代町
73%
358.7 210.2 福島県 西会津町
73%
354.4 221.0 新潟県 阿賀町
73%
350.0 241.3 新潟県 阿賀野市
73%
8.3 250.0 山形県 米沢市
73%
354.4 263.8 新潟県 胎内市
73%
10.3 277.1 山形県 上山市
73%
356.0 281.5 新潟県 村上市
73%
352.7 310.5 新潟県 粟島浦村
73%
1.8 336.8 山形県 鶴岡市
73%
1.9 357.6 山形県 酒田市
73%
2.8 369.0 山形県 遊佐町
73%
2.6 389.9 秋田県 にかほ市
73%
9.0 394.1 秋田県 羽後町
73%
10.5 408.9 秋田県 横手市
73%
4.2 410.9 秋田県 由利本荘市
73%
9.0 422.8 秋田県 大仙市
73%
11.2 453.8 秋田県 仙北市
73%
3.3 462.9 秋田県 潟上市
73%
1.5 465.5 秋田県 男鹿市
73%
3.8 473.4 秋田県 八郎潟町
73%
6.0 487.8 秋田県 上小阿仁村
73%
6.4 506.5 秋田県 北秋田市
73%
8.2 513.7 秋田県 大館市
73%
6.7 549.0 青森県 弘前市
73%
2.0 550.2 青森県 深浦町
73%
7.8 554.8 青森県 黒石市
73%
4.5 566.8 青森県 鰺ヶ沢町
73%
5.7 570.8 青森県 つがる市
73%
6.3 571.4 青森県 五所川原市
73%
8.8 576.6 青森県 青森市
73%
6.0 588.1 青森県 中泊町
73%
3.1 637.7 北海道 松前町
73%
8.8 655.4 青森県 大間町
73%
5.2 658.4 北海道 知内町
73%
5.3 667.4 北海道 木古内町
73%
7.2 680.2 北海道 函館市
73%
6.6 685.5 北海道 北斗市
73%
2.9 686.5 北海道 江差町
73%
5.8 715.7 北海道 森町
73%
3.6 730.1 北海道 八雲町
73%
8.1 743.2 北海道 室蘭市
73%
8.8 755.7 北海道 登別市
73%
4.2 759.3 北海道 長万部町
73%
6.5 766.8 北海道 洞爺湖町
73%
3.7 776.0 北海道 黒松内町
73%
5.8 794.0 北海道 ニセコ町
73%
6.2 805.3 北海道 倶知安町
73%
10.9 814.3 北海道 恵庭市
73%
10.6 825.2 北海道 北広島市
73%
6.3 825.9 北海道 赤井川村
73%
9.3 830.3 北海道 札幌市
73%
7.2 839.7 北海道 小樽市
73%
8.2 1092.4 北海道 稚内市
73%
10.2 46.7 茨城県 境町
64%
6.8 83.6 栃木県 壬生町
64%
6.5 121.2 栃木県 塩谷町
64%
4.9 174.0 福島県 下郷町
64%
357.4 182.4 福島県 昭和村
64%
355.4 195.9 福島県 金山町
64%
358.5 197.2 福島県 三島町
64%
4.5 208.3 福島県 湯川村
64%
6.9 208.9 福島県 磐梯町
64%
5.4 218.7 福島県 北塩原村
64%
352.5 252.4 新潟県 新発田市
64%
351.5 256.0 新潟県 聖籠町
64%
9.4 259.8 山形県 高畠町
64%
5.5 262.2 山形県 飯豊町
64%
0.8 262.8 山形県 小国町
64%
357.4 266.1 新潟県 関川村
64%
6.2 269.3 山形県 長井市
64%
9.5 302.5 山形県 寒河江市
64%
10.8 315.4 山形県 村山市
64%
10.3 327.3 山形県 大石田町
64%
8.7 344.9 山形県 新庄市
64%
7.5 347.4 山形県 鮭川村
64%
2.8 350.7 山形県 庄内町
64%
7.7 354.4 山形県 真室川町
64%
8.9 358.4 山形県 金山町
64%
10.1 391.5 秋田県 湯沢市
64%
4.2 473.1 秋田県 五城目町
64%
2.6 480.5 秋田県 大潟村
64%
3.1 502.3 秋田県 能代市
64%
7.8 540.8 青森県 大鰐町
64%
5.3 544.6 青森県 西目屋村
64%
7.5 553.0 青森県 田舎館村
64%
6.6 559.1 青森県 板柳町
64%
6.2 565.8 青森県 鶴田町
64%
7.8 591.5 青森県 蓬田村
64%
7.5 599.3 青森県 外ヶ浜町
64%
6.1 613.0 青森県 今別町
64%
9.5 652.9 青森県 風間浦村
64%
3.6 692.8 北海道 厚沢部町
64%
6.8 693.8 北海道 七飯町
64%
1.1 746.6 北海道 せたな町
64%
7.2 759.1 北海道 伊達市
64%
7.3 768.2 北海道 壮瞥町
64%
7.3 795.5 北海道 喜茂別町
64%
10.3 837.6 北海道 江別市
64%
6.0 838.0 北海道 余市町
64%
9.0 841.7 北海道 石狩市
64%
4.9 847.8 北海道 積丹町
64%
10.0 850.4 北海道 当別町
64%
10.7 852.7 北海道 新篠津村
64%
11.1 911.6 北海道 北竜町
64%
9.2 919.5 北海道 増毛町
64%
9.6 930.5 北海道 留萌市
64%
9.3 970.6 北海道 苫前町
64%
9.4 977.2 北海道 羽幌町
64%
10.5 1032.1 北海道 中川町
64%
9.0 1035.5 北海道 天塩町
64%
8.9 1059.4 北海道 豊富町
64%
6.1 1061.1 北海道 利尻町
64%
6.4 1068.5 北海道 利尻富士町
64%
5.7 1073.1 北海道 礼文町
64%
10.0 1089.2 北海道 猿払村
64%
4.7 36.9 埼玉県 杉戸町
55%
8.5 265.0 山形県 南陽市
55%
7.6 291.8 山形県 朝日町
55%
9.8 297.4 山形県 中山町
55%
10.0 308.1 山形県 河北町
55%
11.2 309.9 山形県 東根市
55%
10.7 328.6 山形県 尾花沢市
55%
6.5 340.0 山形県 戸沢村
55%
10.2 425.3 秋田県 美郷町
55%
3.0 490.0 秋田県 三種町
55%
10.4 510.9 秋田県 鹿角市
55%
5.3 511.2 秋田県 藤里町
55%
3.2 514.2 秋田県 八峰町
55%
9.7 522.8 秋田県 小坂町
55%
7.7 548.0 青森県 平川市
55%
2.9 678.9 北海道 上ノ国町
55%
2.9 697.6 北海道 乙部町
55%
358.7 719.4 北海道 奥尻町
55%
6.2 769.8 北海道 豊浦町
55%
10.1 774.5 北海道 白老町
55%
7.0 788.5 北海道 留寿都村
55%
3.1 789.2 北海道 寿都町
55%
6.6 790.5 北海道 真狩村
55%
4.9 793.1 北海道 蘭越町
55%
6.9 801.9 北海道 京極町
55%
5.2 812.7 北海道 共和町
55%
4.1 829.4 北海道 神恵内村
55%
6.0 833.0 北海道 仁木町
55%
11.0 835.2 北海道 南幌町
55%
9.7 938.9 北海道 小平町
55%
9.5 996.9 北海道 初山別村
55%
9.3 1051.1 北海道 幌延町
55%
11.2 1053.0 北海道 中頓別町
55%
0.4 203.3 福島県 柳津町
45%
7.1 278.5 山形県 白鷹町
45%
9.6 292.3 山形県 山辺町
45%
8.4 301.5 山形県 大江町
45%
7.3 305.8 山形県 西川町
45%
7.8 337.3 山形県 大蔵村
45%
2.1 344.4 山形県 三川町
45%
3.9 469.6 秋田県 井川町
45%
7.0 555.2 青森県 藤崎町
45%
10.3 591.0 青森県 平内町
45%
7.6 709.8 北海道 鹿部町
45%
1.9 748.2 北海道 今金町
45%
2.2 778.5 北海道 島牧村
45%
4.7 811.9 北海道 岩内町
45%
4.5 821.0 北海道 泊村
45%
5.2 844.5 北海道 古平町
45%
10.6 865.3 北海道 月形町
45%
9.4 1018.1 北海道 遠別町
45%
6.8 258.4 山形県 川西町
36%
9.2 337.1 山形県 舟形町
27%
No matching quizzes found
Score Distribution
Percent of People with Each Score
Percentile by Number Answered
Your Score History
You have not taken this quiz